000 00647nam a2200205Ia 4500
008 191130s2001##################000#0#eng##
020 _a1559705930
022 _a2001024929
040 _aACL
_cACL
082 _a302.4 MAA
100 _aMaalouf, Amin
245 _aIn the name of identity : violence and the need to belong
_cAmin Maalouf ; translated from the French by Barbara Bray
250 _a1st North American ed
260 _aNew York
_bArcade ; Distributed by Time Warner Trade
_c2001
300 _a164 p. ; 22 cm
650 _aGroup identity
990 _abf50d5edac10000c30398280e5f87ad7
991 _a232041
999 _c213025
_d213025